[Event "DVM U14 2019"]
[Site "Magdeburg GER"]
[Date "2019.12.29"]
[Round "6"]
[White "Eilenberg, Jonas"]
[Black "Zeuner, Ole"]
[Result "1-0"]
[Termination "normal"]
[Board "2.1"]
[WhiteElo "2112"]
[BlackElo "1794"]
[WhiteClock "01:10:21"]
[BlackClock "00:51:12"]
[WhiteTeam "SV Königsjäger Süd-West e.V."]
[BlackTeam "Schachzwerge Magdeburg"]
[PlyCount "47"]
[WhiteFideId "16204271"]
[BlackFideId "12943576"]
[EventCountry "GER"]
[EventRounds "7"]
[EventType "team-swiss"]
[EventDate "2019.12.26"]

1. d4 {[%clk 1:30:57]} Nf6 {[%clk 1:30:57]} 2. Nf3 {[%clk 1:31:20]} g6 {[%clk
1:31:20]} 3. Nbd2 {[%clk 1:31:44]} d5 {[%clk 1:30:51]} 4. b4 {[%clk 1:32:05]}
Bg7 {[%clk 1:30:36]} 5. Bb2 {[%clk 1:32:26]} O-O {[%clk 1:30:14]} 6. e3 {[%clk
1:32:39]} Bf5 {[%clk 1:25:52]} 7. Rc1 {[%clk 1:30:53]} Ne4 {[%clk 1:19:38]} 8.
Nxe4 {[%clk 1:27:54]} dxe4 {[%clk 1:19:20]} 9. Nd2 {[%clk 1:27:31]} h5 {[%clk
1:18:33]} 10. Be2 {[%clk 1:27:06]} Qd6 {[%clk 1:16:30]} 11. a3 {[%clk 1:25:18]}
c6 {[%clk 1:12:36]} 12. c4 {[%clk 1:23:00]} Nd7 {[%clk 1:10:14]} 13. h3 {[%clk
1:21:55]} Nf6 {[%clk 1:06:43]} 14. g4 {[%clk 1:19:23]} hxg4 {[%clk 1:06:56]}
15. hxg4 {[%clk 1:19:46]} Be6 {[%clk 1:03:02]} 16. g5 {[%clk 1:18:58]} Nd7
{[%clk 1:02:32]} 17. Nxe4 {[%clk 1:19:06]} Qc7 {[%clk 1:02:59]} 18. Bg4 {[%clk
1:14:48]} Bxg4 {[%clk 0:59:28]} 19. Qxg4 {[%clk 1:15:06]} a5 {[%clk 0:57:47]}
20. Qh3 {[%clk 1:13:11]} Rfd8 {[%clk 0:57:02]} 21. d5 {[%clk 1:12:15]} Ne5
{[%clk 0:56:53]} 22. d6 {[%clk 1:09:43]} Qd7 {[%clk 0:50:48]} 23. Qh7+ {[%clk
1:10:06]} Kf8 {[%clk 0:51:12]} 24. Bxe5 {[%clk 1:10:21]} 1-0

[Event "DVM U14 2019"]
[Site "Magdeburg GER"]
[Date "2019.12.29"]
[Round "6"]
[White "Heutling, Elina"]
[Black "Korek, Jakob Alexander"]
[Result "1-0"]
[Termination "normal"]
[Board "2.4"]
[WhiteElo "1796"]
[BlackElo "1656"]
[WhiteClock "00:02:58"]
[BlackClock "00:15:05"]
[WhiteTeam "Schachzwerge Magdeburg"]
[BlackTeam "SV Königsjäger Süd-West e.V."]
[PlyCount "67"]
[WhiteFideId "16244729"]
[BlackFideId "16240022"]
[EventCountry "GER"]
[EventRounds "7"]
[EventType "team-swiss"]
[EventDate "2019.12.26"]

1. e4 {[%clk 1:30:58]} c6 {[%clk 1:30:50]} 2. d4 {[%clk 1:31:24]} d5 {[%clk
1:31:09]} 3. Nd2 {[%clk 1:31:36]} dxe4 {[%clk 1:31:32]} 4. Nxe4 {[%clk
1:32:01]} Bf5 {[%clk 1:31:51]} 5. Ng3 {[%clk 1:32:25]} Bg6 {[%clk 1:32:12]} 6.
Nf3 {[%clk 1:32:40]} Nd7 {[%clk 1:32:26]} 7. Bc4 {[%clk 1:32:53]} e6 {[%clk
1:32:18]} 8. O-O {[%clk 1:33:07]} Ngf6 {[%clk 1:31:30]} 9. Nh4 {[%clk 1:30:44]}
Nb6 {[%clk 1:30:03]} 10. Bb3 {[%clk 1:29:38]} Be7 {[%clk 1:28:03]} 11. c3
{[%clk 1:27:02]} O-O {[%clk 1:27:15]} 12. Nxg6 {[%clk 1:27:23]} hxg6 {[%clk
1:27:23]} 13. Re1 {[%clk 1:26:10]} Nbd5 {[%clk 1:27:02]} 14. Bc2 {[%clk
1:25:08]} Qd7 {[%clk 1:25:00]} 15. Qd3 {[%clk 1:20:05]} Rad8 {[%clk 1:22:47]}
16. h4 {[%clk 1:14:15]} Bd6 {[%clk 1:20:52]} 17. Ne4 {[%clk 1:05:41]} Nxe4
{[%clk 1:17:44]} 18. Qxe4 {[%clk 1:04:30]} Rfe8 {[%clk 1:14:40]} 19. Bg5 {[%clk
0:59:16]} Be7 {[%clk 1:11:38]} 20. Rad1 {[%clk 0:47:31]} Bf6 {[%clk 1:04:22]}
21. f4 {[%clk 0:34:43]} Qc7 {[%clk 0:56:24]} 22. Rf1 {[%clk 0:29:23]} Qe7
{[%clk 0:51:47]} 23. Rf3 {[%clk 0:24:55]} c5 {[%clk 0:45:13]} 24. dxc5 {[%clk
0:22:47]} Qxc5+ {[%clk 0:44:29]} 25. Kh1 {[%clk 0:22:36]} Qe7 {[%clk 0:26:24]}
26. Rg3 {[%clk 0:12:00]} Qc7 {[%clk 0:25:17]} 27. Rf1 {[%clk 0:08:39]} e5
{[%clk 0:23:14]} 28. f5 {[%clk 0:08:05]} Nf4 {[%clk 0:21:11]} 29. fxg6 {[%clk
0:04:53]} fxg6 {[%clk 0:19:03]} 30. Rgf3 {[%clk 0:02:17]} Bxg5 {[%clk 0:18:14]}
31. Bb3+ {[%clk 0:02:13]} Kh8 {[%clk 0:16:38]} 32. hxg5 {[%clk 0:02:38]} Ne6
{[%clk 0:14:44]} 33. Rh3+ {[%clk 0:02:34]} Kg8 {[%clk 0:15:05]} 34. Qxg6 {[%clk
0:02:58]} 1-0

[Event "DVM U14 2019"]
[Site "Magdeburg GER"]
[Date "2019.12.29"]
[Round "6"]
[White "Reichmann, Felix"]
[Black "Zamhöfer, Luca"]
[Result "1-0"]
[Termination "normal"]
[Board "4.2"]
[WhiteElo "1791"]
[BlackElo "1724"]
[WhiteTeam "Schachfreunde Nordost Berlin"]
[BlackTeam "SF Katernberg"]
[PlyCount "93"]
[WhiteFideId "16238290"]
[BlackFideId "16216040"]
[EventCountry "GER"]
[EventRounds "7"]
[EventType "team-swiss"]
[EventDate "2019.12.26"]

1. c4 c5 2. g3 g6 3. Bg2 Bg7 4. Nc3 Nc6 5. a3 d6 6. Rb1 a5 7. d3 e5 8. Bd2 Nge7
9. Nf3 Be6 10. Ng5 Bc8 11. Nb5 Nd4 12. b4 Nxb5 13. cxb5 cxb4 14. axb4 a4 15.
Ra1 O-O 16. Rxa4 Rxa4 17. Qxa4 Qb6 18. O-O Bd7 19. Qa5 Qxb5 20. Qxb5 Bxb5 21.
Bxb7 d5 22. Rc1 h6 23. Nh3 Rb8 24. Rc7 Kf8 25. Be3 d4 26. Bd2 Ke8 27. Bg2 Kd8
28. Rc5 Kd7 29. f4 f6 30. Nf2 Nc6 31. fxe5 fxe5 32. h4 Kd6 33. Be4 g5 34. hxg5
hxg5 35. Bf5 Ba4 36. Ne4+ Kc7 37. Nxg5 Bf6 38. Ne4 Be7 39. Rc1 Bxb4 40. Bg5 Rf8
41. g4 Bb3 42. Bh6 Re8 43. g5 Bf8 44. Nf6 Rd8 45. Be4 Ba4 46. Bxf8 Rxf8 47. g6
1-0

[Event "DVM U14 2019"]
[Site "Magdeburg GER"]
[Date "2019.12.29"]
[Round "6"]
[White "Berresheim, Nils"]
[Black "Beck, Felix"]
[Result "1-0"]
[Termination "normal"]
[Board "4.3"]
[WhiteElo "1509"]
[BlackElo "1508"]
[WhiteTeam "SF Katernberg"]
[BlackTeam "Schachfreunde Nordost Berlin"]
[PlyCount "133"]
[WhiteFideId "16246306"]
[BlackFideId "16255364"]
[EventCountry "GER"]
[EventRounds "7"]
[EventType "team-swiss"]
[EventDate "2019.12.26"]

1. d4 d5 2. c4 e6 3. Nc3 Nf6 4. Bg5 c6 5. Nf3 Nbd7 6. e3 Be7 7. Bd3 dxc4 8.
Bxc4 b5 9. Bd3 a6 10. a3 Bb7 11. b4 O-O 12. O-O a5 13. Qb3 axb4 14. axb4 Nd5
15. Rxa8 Bxa8 16. Bxe7 Qxe7 17. Rb1 Bb7 18. e4 Nf4 19. Bc2 Nb6 20. g3 Ng6 21.
Bd3 Rd8 22. Rc1 Qf6 23. Kg2 Qe7 24. Ra1 Ra8 25. Rxa8+ Bxa8 26. Qa3 Qb7 27. Nd2
h6 28. Nb3 Nd7 29. Qa5 Kh7 30. Kg1 h5 31. f4 Kg8 32. d5 exd5 33. exd5 cxd5 34.
Qxb5 Qxb5 35. Bxb5 Nb6 36. Nd4 Kf8 37. Kf2 Ke7 38. Na4 Nxa4 39. Bxa4 Nf8 40.
Ke3 Ne6 41. b5 Nxd4 42. Kxd4 Kd6 43. b6 Bc6 44. Bxc6 Kxc6 45. b7 Kxb7 46. Kxd5
Kc7 47. Ke5 Kd7 48. Kf5 Ke7 49. Kg5 Ke6 50. Kxh5 Kf5 51. Kh4 g6 52. Kh3 g5 53.
fxg5 Kxg5 54. Kg2 f6 55. Kf3 Kf5 56. h4 Kg6 57. Kf4 Kf7 58. Kf5 Kg7 59. h5 Kh6
60. Kxf6 Kxh5 61. Kf5 Kh6 62. g4 Kg7 63. Kg5 Kg8 64. Kg6 Kh8 65. g5 Kg8 66. Kh6
Kh8 67. g6 1-0

[Event "DVM U14 2019"]
[Site "Magdeburg GER"]
[Date "2019.12.29"]
[Round "6"]
[White "Duduka, Artem"]
[Black "Rasch, Lukas"]
[Result "1-0"]
[Termination "normal"]
[Board "4.4"]
[WhiteElo "1578"]
[BlackElo "1596"]
[WhiteTeam "Schachfreunde Nordost Berlin"]
[BlackTeam "SF Katernberg"]
[PlyCount "75"]
[WhiteFideId "14194805"]
[BlackFideId "16272072"]
[EventCountry "GER"]
[EventRounds "7"]
[EventType "team-swiss"]
[EventDate "2019.12.26"]

1. e4 c5 2. Nf3 d6 3. c3 Nf6 4. Be2 g6 5. O-O Bg7 6. Qc2 O-O 7. d4 cxd4 8. cxd4
Nc6 9. Nc3 Bg4 10. Be3 d5 11. e5 Ne8 12. Qb3 Be6 13. Qxb7 Rc8 14. Qb3 Nc7 15.
a3 f5 16. Bf4 Na8 17. Qc2 Nb6 18. Qd2 Na5 19. Qc2 Rc7 20. Ng5 Bc8 21. e6 Rc6
22. Nf7 Rxf7 23. exf7+ Kxf7 24. Bb5 Re6 25. Be3 a6 26. Be2 Nbc4 27. Bxc4 dxc4
28. Ne2 Bb7 29. Rad1 Be4 30. Qd2 Rd6 31. Bf4 e5 32. Bg5 Qb6 33. Qb4 Qc7 34.
dxe5 Bxe5 35. f4 Rxd1 36. Rxd1 Bg7 37. Bd8 Qa7+ 38. Bb6 1-0

[Event "DVM U14 2019"]
[Site "Magdeburg GER"]
[Date "2019.12.29"]
[Round "6"]
[White "Schröter, Christopher"]
[Black "Hommer, Jeremy"]
[Result "0-1"]
[Termination "normal"]
[Board "5.1"]
[WhiteElo "1618"]
[BlackElo "2104"]
[WhiteTeam "1. Schachclub Anhalt"]
[BlackTeam "SC Turm Lüneburg e.V."]
[PlyCount "110"]
[WhiteFideId "16274970"]
[BlackFideId "12992577"]
[EventCountry "GER"]
[EventRounds "7"]
[EventType "team-swiss"]
[EventDate "2019.12.26"]

1. d4 e6 2. g3 Nf6 3. Bg2 Be7 4. Nf3 b6 5. Ne5 c6 6. c4 Bb7 7. Nc3 d6 8. Nf3 c5
9. d5 e5 10. e4 a6 11. Qc2 O-O 12. O-O Nbd7 13. Nh4 g6 14. f4 exf4 15. Bxf4 Ne5
16. Bxe5 dxe5 17. Nf3 Qd6 18. Rae1 Bc8 19. b3 Ne8 20. Qb2 Bf6 21. Ne2 Bg7 22.
Nc1 Qe7 23. Nd3 f6 24. a4 Bd7 25. Qc3 a5 26. Qd2 Nd6 27. h3 Rae8 28. Kh2 Qd8
29. Ng1 Re7 30. Ne2 Qe8 31. Nc3 f5 32. Qc1 Qf7 33. Kh1 Qf6 34. Ne2 h5 35. exf5
gxf5 36. Qd2 Bh6 37. Qb2 Bg7 38. Qd2 Rfe8 39. Kh2 Qg6 40. Qd1 Bf6 41. Rf2 Kh8
42. Rg1 Bg5 43. Rff1 Be3 44. Rh1 Rg7 45. Rf3 Qh6 46. Rff1 h4 47. Qe1 Qg5 48.
Rf3 e4 49. Rxe3 Qxe3 50. Ndf4 hxg3+ 51. Nxg3 Qxf4 52. Rf1 Qg5 53. Rg1 Reg8 54.
Ne2 Qh6 55. Qf2 Nf7 0-1

[Event "DVM U14 2019"]
[Site "Magdeburg GER"]
[Date "2019.12.29"]
[Round "6"]
[White "Bildat, Emilia"]
[Black "Rohde, Niclas"]
[Result "1/2-1/2"]
[Termination "normal"]
[Board "5.2"]
[WhiteElo "1754"]
[BlackElo "1609"]
[WhiteTeam "SC Turm Lüneburg e.V."]
[BlackTeam "1. Schachclub Anhalt"]
[PlyCount "45"]
[WhiteFideId "16218140"]
[BlackFideId "16230205"]
[EventCountry "GER"]
[EventRounds "7"]
[EventType "team-swiss"]
[EventDate "2019.12.26"]

1. c4 d6 2. g3 Nf6 3. Bg2 g6 4. Nc3 Bg7 5. d3 O-O 6. e4 c6 7. Nge2 Be6 8. Nf4
Bg4 9. f3 Bd7 10. O-O Na6 11. Nfe2 Ne8 12. Be3 f5 13. Qb3 Qc8 14. f4 Nf6 15.
Bd4 Ng4 16. Bxg7 Kxg7 17. Rf3 e5 18. h3 Nh6 19. Kh2 Nc5 20. Qc2 Ne6 21. Raf1
Qc7 22. b4 Rae8 23. a3 1/2-1/2

[Event "DVM U14 2019"]
[Site "Magdeburg GER"]
[Date "2019.12.29"]
[Round "6"]
[White "Böhm, Florian"]
[Black "Wusterack, Paul"]
[Result "0-1"]
[Termination "normal"]
[Board "5.3"]
[WhiteElo "1445"]
[BlackElo "1539"]
[WhiteTeam "1. Schachclub Anhalt"]
[BlackTeam "SC Turm Lüneburg e.V."]
[PlyCount "88"]
[WhiteFideId "16274989"]
[BlackFideId "16255356"]
[EventCountry "GER"]
[EventRounds "7"]
[EventType "team-swiss"]
[EventDate "2019.12.26"]

1. b4 e5 2. Bb2 Bxb4 3. Bxe5 Nf6 4. Nf3 Nc6 5. Bb2 d5 6. e3 O-O 7. Be2 Re8 8.
O-O Bf5 9. d4 Ne7 10. c4 c6 11. Bc3 Bxc3 12. Nxc3 Ne4 13. Nxe4 Bxe4 14. Bd3 Nf5
15. c5 Qc7 16. Bxe4 dxe4 17. Ne5 Rad8 18. Rb1 Rxe5 19. Qg4 Red5 20. Qxe4 g6 21.
Qc2 Ng7 22. Qa4 b6 23. cxb6 axb6 24. Rfc1 c5 25. dxc5 Rxc5 26. Rd1 Rxd1+ 27.
Rxd1 Ne6 28. h3 b5 29. Qa8+ Kg7 30. a4 b4 31. Qe4 Rc4 32. Qb1 Qc5 33. Qa1+ Rc3
34. a5 Kg8 35. a6 Ra3 36. Qf6 Rxa6 37. Kh2 Qf5 38. Qxf5 gxf5 39. Kg3 b3 40. Rd2
Rb6 41. Rb2 Nc5 42. f3 Na4 43. Rb1 b2 44. Kf4 Nc3 0-1

[Event "DVM U14 2019"]
[Site "Magdeburg GER"]
[Date "2019.12.29"]
[Round "6"]
[White "Rennkamp, David"]
[Black "Lautenschläger, Friedrich"]
[Result "0-1"]
[Termination "normal"]
[Board "5.4"]
[WhiteElo "1395"]
[BlackElo "1519"]
[WhiteTeam "SC Turm Lüneburg e.V."]
[BlackTeam "1. Schachclub Anhalt"]
[PlyCount "78"]
[WhiteFideId "16249526"]
[BlackFideId "16274997"]
[EventCountry "GER"]
[EventRounds "7"]
[EventType "team-swiss"]
[EventDate "2019.12.26"]

1. e4 e5 2. Nf3 Nc6 3. Bc4 Bc5 4. O-O Nf6 5. d3 d6 6. c3 O-O 7. b4 Bb6 8. a4 a6
9. a5 Ba7 10. Be3 Be6 11. Nbd2 Ne7 12. Qc2 Ng6 13. Rfe1 Nh5 14. Nf1 Nhf4 15.
Bxa7 Rxa7 16. Ne3 Nh4 17. Nxh4 Qxh4 18. Nd5 Nxg2 19. Kxg2 Qh3+ 20. Kg1 Qg4+ 21.
Kh1 Qf3+ 22. Kg1 Bh3 23. Ne3 g5 24. Qe2 g4 25. Bb3 Kh8 26. Qxf3 gxf3 27. Kh1
Rg8 28. Rg1 Raa8 29. Rxg8+ Rxg8 30. Rg1 Rg7 31. Bd1 f6 32. Rxg7 Kxg7 33. Bxf3
Kg6 34. Nf5 Bf1 35. d4 h6 36. h4 Bc4 37. Kg2 Bb3 38. Kh3 Be6 39. Kg3 c6 0-1

[Event "DVM U14 2019"]
[Site "Magdeburg GER"]
[Date "2019.12.29"]
[Round "6"]
[White "Halabi, Ibrahim"]
[Black "Yin, Haode"]
[Result "1/2-1/2"]
[Termination "normal"]
[Board "6.1"]
[WhiteElo "1918"]
[BlackElo "1747"]
[WhiteTeam "SK Frankenthal"]
[BlackTeam "SchachAkademiePaderborn e. V."]
[PlyCount "126"]
[WhiteFideId "16241754"]
[BlackFideId "16261348"]
[EventCountry "GER"]
[EventRounds "7"]
[EventType "team-swiss"]
[EventDate "2019.12.26"]

1. e4 d6 2. d4 Nf6 3. Nc3 Nbd7 4. f4 e5 5. dxe5 dxe5 6. fxe5 Nxe5 7. Qxd8+ Kxd8
8. Nf3 Nxf3+ 9. gxf3 Bb4 10. Bd2 Be6 11. O-O-O Ke7 12. Nb5 Bxd2+ 13. Rxd2 Rhc8
14. Nd4 Rd8 15. Nxe6 Rxd2 16. Kxd2 fxe6 17. Ke3 e5 18. Bc4 Nh5 19. Rd1 Nf4 20.
Rd2 h6 21. h4 Rf8 22. a4 Rf6 23. Bb5 c6 24. Bf1 Rg6 25. Kf2 Rf6 26. b4 Rf8 27.
Ke3 Rh8 28. Rh2 Rd8 29. Rd2 Rxd2 30. Kxd2 Ng6 31. Bh3 Nxh4 32. Ke2 Kd6 33. Kf2
b6 34. Kg3 Ng6 35. Kg4 Nf4 36. Bf1 g6 37. Bc4 Ke7 38. Bf1 Kf6 39. Kh4 Ne6 40.
c3 Nf4 41. Kg4 a5 42. bxa5 bxa5 43. Ba6 Ke6 44. Bc4+ Kd6 45. Bf1 Kc5 46. Kg3
Ne6 47. Bd3 Kd6 48. Kg4 Ke7 49. Kh4 Kf6 50. Kg4 g5 51. Bc2 Nf4 52. Bd1 h5+ 53.
Kg3 Ne6 54. Bb3 Ke7 55. Bd1 Kd6 56. Bb3 Nc7 57. Bf7 h4+ 58. Kg4 Na8 59. Bc4 Nb6
60. Bb3 Kc5 61. Kh3 Nc4 62. Kg4 Ne3+ 63. Kh3 Kd6 1/2-1/2

[Event "DVM U14 2019"]
[Site "Magdeburg GER"]
[Date "2019.12.29"]
[Round "6"]
[White "Nourzad, Shayan"]
[Black "Schreidl, Michael"]
[Result "1-0"]
[Termination "normal"]
[Board "6.2"]
[WhiteElo "1782"]
[BlackElo "1632"]
[WhiteTeam "SchachAkademiePaderborn e. V."]
[BlackTeam "SK Frankenthal"]
[PlyCount "41"]
[WhiteFideId "16274890"]
[BlackFideId "16265750"]
[EventCountry "GER"]
[EventRounds "7"]
[EventType "team-swiss"]
[EventDate "2019.12.26"]

1. d4 d5 2. Bf4 Nf6 3. e3 e6 4. Nd2 c5 5. c3 Nc6 6. Ngf3 Bd6 7. Bg3 O-O 8. Bd3
Re8 9. Ne5 Qc7 10. Ndf3 h6 11. Qe2 Nd7 12. Nxd7 Qxd7 13. Ne5 c4 14. Nxd7 cxd3
15. Nf6+ gxf6 16. Qg4+ Kh7 17. Bxd6 e5 18. Qf3 exd4 19. Qxf6 Bg4 20. Qxf7+ Kh8
21. cxd4 1-0

[Event "DVM U14 2019"]
[Site "Magdeburg GER"]
[Date "2019.12.29"]
[Round "6"]
[White "Yergin, Danyar"]
[Black "Rohm, Linus"]
[Result "0-1"]
[Termination "normal"]
[Board "6.3"]
[WhiteElo "1428"]
[BlackElo "1525"]
[WhiteTeam "SK Frankenthal"]
[BlackTeam "SchachAkademiePaderborn e. V."]
[PlyCount "92"]
[WhiteFideId "16243722"]
[BlackFideId "16298217"]
[EventCountry "GER"]
[EventRounds "7"]
[EventType "team-swiss"]
[EventDate "2019.12.26"]

1. e4 d6 2. d4 Nf6 3. Nc3 Nbd7 4. Nf3 e5 5. dxe5 dxe5 6. Bg5 Be7 7. Bxf6 Bxf6
8. Bc4 c6 9. O-O Qc7 10. Qe2 O-O 11. Qe3 Qb6 12. Qxb6 axb6 13. b4 b5 14. Bb3
Nb6 15. a4 bxa4 16. Nxa4 Nxa4 17. Bxa4 b5 18. Bb3 Bg4 19. Rxa8 Rxa8 20. Rd1 Be7
21. c3 Bxf3 22. gxf3 Ra3 23. Rb1 Bg5 24. Kg2 Bd2 25. c4 Bxb4 26. cxb5 cxb5 27.
Bxf7+ Kxf7 28. Rxb4 Ra5 29. Kg3 g5 30. h4 Kg6 31. hxg5 Kxg5 32. Rb1 h5 33. Rb3
h4+ 34. Kh3 Kh5 35. Kg2 Kg6 36. Kh2 Kh6 37. Kg2 Kg5 38. Kh3 Kh5 39. Kg2 Kh6 40.
Kh3 Kg5 41. Kg2 Kf4 42. Kh3 Ra2 43. Rxb5 Rxf2 44. Rb4 Rxf3+ 45. Kxh4 Re3 46.
Ra4 Rxe4 0-1

[Event "DVM U14 2019"]
[Site "Magdeburg GER"]
[Date "2019.12.29"]
[Round "6"]
[White "Toval, David"]
[Black "Günther, Fabian"]
[Result "1/2-1/2"]
[Termination "normal"]
[Board "7.1"]
[WhiteElo "1853"]
[BlackElo "1499"]
[WhiteTeam "Schachklub Münster 32 e. V."]
[BlackTeam "USV TU Dresden"]
[PlyCount "80"]
[WhiteFideId "12992755"]
[BlackFideId "16240294"]
[EventCountry "GER"]
[EventRounds "7"]
[EventType "team-swiss"]
[EventDate "2019.12.26"]

1. e4 c5 2. Nf3 Nc6 3. d4 cxd4 4. Nxd4 e5 5. Nb5 d6 6. N1c3 a6 7. Na3 b5 8. Nd5
Nf6 9. Bg5 Be7 10. Bxf6 Bxf6 11. Be2 O-O 12. O-O Bd7 13. c3 Bg5 14. Nc2 Be6 15.
Nce3 Bxe3 16. Nxe3 Qd7 17. Qd2 Rfd8 18. Rfd1 Rac8 19. h3 Ne7 20. Bg4 Bxg4 21.
Nxg4 Nc6 22. Ne3 Ne7 23. Qe2 Qe6 24. Nd5 Nxd5 25. Rxd5 Rc5 26. Qd3 Rxd5 27.
Qxd5 Qxd5 28. exd5 Rc8 29. a4 f6 30. axb5 axb5 31. Ra6 Kf8 32. Rxd6 Rc5 33. Rd7
b4 34. cxb4 Rb5 35. d6 Rxb4 36. Rc7 Rd4 37. d7 h5 38. b4 g5 39. Kf1 Ke7 40. Rb7
g4 1/2-1/2

[Event "DVM U14 2019"]
[Site "Magdeburg GER"]
[Date "2019.12.29"]
[Round "6"]
[White "Döge, Wolf-Peter"]
[Black "Schröder, Lennart"]
[Result "1/2-1/2"]
[Termination "normal"]
[Board "7.2"]
[WhiteElo "1530"]
[BlackElo "1863"]
[WhiteTeam "USV TU Dresden"]
[BlackTeam "Schachklub Münster 32 e. V."]
[PlyCount "78"]
[WhiteFideId "16281829"]
[BlackFideId "16222490"]
[EventCountry "GER"]
[EventRounds "7"]
[EventType "team-swiss"]
[EventDate "2019.12.26"]

1. e4 c5 2. Nf3 d6 3. d4 cxd4 4. Nxd4 Nf6 5. Nc3 g6 6. Be3 Bg7 7. Be2 O-O 8.
Qd2 Nc6 9. O-O-O Nxd4 10. Bxd4 Be6 11. e5 dxe5 12. Bxe5 Qa5 13. Bxf6 Bxf6 14.
Kb1 Bxc3 15. Qxc3 Qxa2+ 16. Kc1 Rac8 17. Qa3 Qxa3 18. bxa3 Rc5 19. h4 Rfc8 20.
Bd3 R8c6 21. h5 gxh5 22. Rh4 Rd6 23. Kb2 Bc4 24. Rh3 Bxd3 25. Rdxd3 Rxd3 26.
Rxd3 e6 27. a4 Rc6 28. Rh3 Rd6 29. Rxh5 Rd2 30. Rg5+ Kf8 31. f3 Ke7 32. Kc3 Rf2
33. Kb3 h5 34. Rc5 Kd6 35. Rxh5 Rxg2 36. Rh7 Ke7 37. Rh8 Rg3 38. Rb8 Rxf3+ 39.
Kb4 Kd6 1/2-1/2

[Event "DVM U14 2019"]
[Site "Magdeburg GER"]
[Date "2019.12.29"]
[Round "6"]
[White "Weidemann, Jakob"]
[Black "Andreas, Bruno"]
[Result "0-1"]
[Termination "normal"]
[Board "7.3"]
[WhiteElo "1565"]
[BlackElo "1447"]
[WhiteTeam "Schachklub Münster 32 e. V."]
[BlackTeam "USV TU Dresden"]
[PlyCount "80"]
[WhiteFideId "16255470"]
[BlackFideId "16274210"]
[EventCountry "GER"]
[EventRounds "7"]
[EventType "team-swiss"]
[EventDate "2019.12.26"]

1. e4 c5 2. Nf3 e6 3. d4 cxd4 4. Nxd4 a6 5. Bd3 Qc7 6. O-O Nf6 7. Be3 d5 8.
exd5 Nxd5 9. Bd2 Bd6 10. g3 b5 11. a4 b4 12. c4 bxc3 13. Nxc3 Bb7 14. Qg4 Be5
15. Rfe1 Bf6 16. Nxe6 fxe6 17. Qxe6+ Ne7 18. Bxh7 Qc6 19. Qxc6+ Nbxc6 20. Bf5
Nd4 21. Be4 Bxe4 22. Nxe4 Nf3+ 23. Kg2 Nxe1+ 24. Rxe1 Kf7 25. Nd6+ Kg6 26. f4
Rhd8 27. Re6 Nf5 28. Ne4 Kf7 29. Rc6 Bxb2 30. Ng5+ Kg8 31. Ba5 Rd6 32. Rc7 Re8
33. Bb4 Rd4 34. Rb7 Rd3 35. Ra7 Rd4 36. Rb7 Rc4 37. Rb6 Bd4 38. Rb7 Rc2+ 39.
Kh3 Rb2 40. g4 Re3+ 0-1

[Event "DVM U14 2019"]
[Site "Magdeburg GER"]
[Date "2019.12.29"]
[Round "6"]
[White "Hetzner, Hannes"]
[Black "Kalina, Lena"]
[Result "1-0"]
[Termination "normal"]
[Board "8.1"]
[WhiteElo "2000"]
[BlackElo "1571"]
[WhiteTeam "SC Erlangen 48/88"]
[BlackTeam "SC Landskrone"]
[PlyCount "167"]
[WhiteFideId "16211936"]
[BlackFideId "12988014"]
[EventCountry "GER"]
[EventRounds "7"]
[EventType "team-swiss"]
[EventDate "2019.12.26"]

1. e4 c5 2. Nf3 Nc6 3. d4 cxd4 4. Nxd4 g6 5. Nc3 Bg7 6. Be3 Nf6 7. Bc4 O-O 8.
Bb3 Qa5 9. O-O d6 10. h3 Bd7 11. Nf3 Rac8 12. Qe2 Rfd8 13. Rad1 Be8 14. Bd2 Qc7
15. Bg5 Qa5 16. Nd5 Rd7 17. Bxf6 exf6 18. c3 Ne5 19. Nd2 Kh8 20. Kh1 Rdd8 21.
f4 Nc6 22. Ne3 Ne7 23. Ndc4 Qc5 24. Nd5 Nxd5 25. Rxd5 Qc7 26. Rfd1 Bf8 27. Qd2
Bc6 28. Nxd6 Bxd5 29. Nxc8 Rxc8 30. Qxd5 Qxf4 31. Qd3 Kg7 32. Rf1 Qe5 33. Qd5
Rc7 34. Qxe5 fxe5 35. Rd1 f6 36. Rd5 Bc5 37. Rd3 Re7 38. g4 h6 39. Kg2 Rc7 40.
Be6 Re7 41. Bc8 Rc7 42. Be6 Re7 43. Bb3 Rc7 44. Kf3 Bg1 45. Rd8 Bh2 46. Ke2 Bf4
47. Kd3 Bc1 48. Kc2 Be3 49. Bd5 Bc5 50. Kd3 Be7 51. Re8 b6 52. b4 Bd6 53. Re6
Bf8 54. a3 Be7 55. Kc2 Kf8 56. Kb3 Ke8 57. c4 Kd7 58. Ka4 Rc8 59. Kb5 Rc7 60.
Ka6 Bd8 61. Kb5 Be7 62. Ka6 Bd8 63. h4 g5 64. h5 Be7 65. Kb5 Rc8 66. a4 Rc7 67.
a5 bxa5 68. Kxa5 Kc8 69. c5 Kd7 70. Ka6 Kd8 71. Bb7 Kd7 72. Rxe7+ Kxe7 73. Kxa7
Kd8 74. Kb6 Rd7 75. Bd5 Re7 76. c6 Kc8 77. Kc5 Kc7 78. b5 Re8 79. b6+ Kc8 80.
Kd6 Rf8 81. c7 Rd8+ 82. cxd8=Q+ Kxd8 83. b7 Ke8 84. b8=R# 1-0

[Event "DVM U14 2019"]
[Site "Magdeburg GER"]
[Date "2019.12.29"]
[Round "6"]
[White "Müller, Maurice-Pascal"]
[Black "Högner, Tom"]
[Result "1/2-1/2"]
[Termination "normal"]
[Board "8.2"]
[WhiteElo "1673"]
[BlackElo "1768"]
[WhiteTeam "SC Landskrone"]
[BlackTeam "SC Erlangen 48/88"]
[PlyCount "87"]
[WhiteFideId "16243340"]
[BlackFideId "12995436"]
[EventCountry "GER"]
[EventRounds "7"]
[EventType "team-swiss"]
[EventDate "2019.12.26"]

1. e4 e5 2. Nf3 Nc6 3. Bb5 Nf6 4. O-O Nxe4 5. Re1 Nd6 6. Nxe5 Nxe5 7. Rxe5+ Be7
8. Bf1 O-O 9. d4 Bf6 10. Re1 Nf5 11. c3 d5 12. Bf4 Ne7 13. Na3 Ng6 14. Bg3 c6
15. Bd3 Bh4 16. Bxg6 fxg6 17. Re3 Bg5 18. Re1 Bf5 19. Nc2 Qd7 20. Ne3 Rae8 21.
Be5 Bf6 22. Bxf6 gxf6 23. Nxf5 Qxf5 24. Qa4 a6 25. Qb4 Qd7 26. Kf1 Qc7 27. g3
Qd7 28. Kg2 Rf7 29. Rxe8+ Qxe8 30. Rf1 Kg7 31. Qd6 Qe2 32. Qb4 Re7 33. a4 Rd7
34. Qa3 Rf7 35. b4 Rd7 36. Qb3 b5 37. axb5 axb5 38. Qa3 Rc7 39. Qc1 Re7 40. Qa1
Qe6 41. Qc1 Qe2 42. Qf4 Qe4+ 43. Qf3 Qe2 44. Qf4 1/2-1/2

[Event "DVM U14 2019"]
[Site "Magdeburg GER"]
[Date "2019.12.29"]
[Round "6"]
[White "Wu, Wilfried"]
[Black "Behr, Julian"]
[Result "1/2-1/2"]
[Termination "normal"]
[Board "8.3"]
[WhiteElo "1476"]
[BlackElo "1645"]
[WhiteTeam "SC Erlangen 48/88"]
[BlackTeam "SC Landskrone"]
[PlyCount "59"]
[WhiteFideId "16260775"]
[BlackFideId "16255410"]
[EventCountry "GER"]
[EventRounds "7"]
[EventType "team-swiss"]
[EventDate "2019.12.26"]

1. e4 e5 2. Nf3 Nc6 3. Bc4 Bc5 4. d3 d6 5. Be3 Bb6 6. h3 Nf6 7. O-O O-O 8. Nc3
Be6 9. Bb3 Qd7 10. Bg5 Bxb3 11. axb3 Qe6 12. Bxf6 Qxf6 13. Nd5 Qe6 14. Nd2 Ne7
15. Nxe7+ Qxe7 16. b4 c6 17. Ra3 d5 18. c3 f5 19. Qb3 fxe4 20. dxe4 Qh4 21. Nf3
Qxe4 22. Re1 Qg6 23. Kf1 Qd3+ 24. Re2 e4 25. Nd4 Rxf2+ 26. Kxf2 Rf8+ 27. Ke1
Qb1+ 28. Kd2 Qd3+ 29. Ke1 Qb1+ 30. Kd2 1/2-1/2